00359nam a2200133Ia 4500008004100000020001500041041001200056100001500068245007600083260002500159300000800184650001500192700001800207221030s9999 xx 000 0 und d a8120309616 aEnglish aD. S. Tull 0aMarketing Research : Measurement & Methodcby D. S. Tull, D. I. Hawkins bPHIaNew Delhic2014 a857 aManagement aD. I. Hawkins